000 00669nam a2200289Ia 4500
005 20260324133520.0
008 008 260324s9999 xx 000 0 eng d
020 _a9781315835723
037 _aEBOOK
040 _aCRL
040 _beng
040 _cCRL
041 _2eng
041 _aeng
084 _qCRL
100 _aSally-Ann Ashton
_91177631
245 4 _aThe Last Queens of Egypt
245 0 _bCleopatra's Royal House
260 _bTaylor and Francis
260 _c2003
365 _a
365 _b230
856 _uhttp://www.taylorfrancis.com/books/9781315835723
942 _cEBOOK
999 _c1792489
_d1792489